000 00830nam0a2200277 i 4500
001 RU\NLR\bibl\1999089
005 20240723085522.0
010 _a9785905218200
_9200
021 _aRU
_b2013-4439
_9311
035 _a(NLR Aleph) 001987432
090 _a4176936
_c4176937
100 _a20130211d2012 u y0rusy50 ca
101 0 _arus
102 _aRU
105 _aa |||||||||
200 1 _aОгоньковое поле
_eстихи
_fЛюдмила Делий
210 _aСанкт-Петербург
_cУльтра Принт
_d2012
215 _a167 с.
_cил., цв. ил., портр.
_d21
686 _aШ6(2=Р)8-5
700 1 _aДелий
_bЛ.
_gЛюдмила
_4070
801 0 _aRU
_bNLR
_c20130211
_gRCR
801 1 _aRU
_bNLR
_c20130211
942 _cBOOK
980 _aNBR